1612 1892 1211 1455 1765 1226 1613 1441 1072 1197 1621 1335 1176 1832 1171 1117 1814 1321 1738 1399 1257 1617 1742 1771 1411 1734 1110 1302 1480 1336 1648 1435 1464 1486 1534 1704 1511 1662 1379 1066 1400 1823 1869 1798 1258 1000 1588 1367 1192 1253 1739 1517 1277 1503 1611 1447 1369 1521 1394 1586 1452 1559 1021 1091 1780 1941 1301 1769 1637 1236 1840 1259 1953 1446 1099 2000 1619 1592 1484 1855 1028 1782 1254 1909 1822 1139 1828 1871 1179 1126 1349 1830 1684 1609 1105 1432 1260 1464 1764 BCNSPRNW ULIB Ver.6.0+V

เปลี่ยนเป็นภาษาไทย

Change to English
 แสดงรายละเอียดบรรณานุกรม
  กลับหน้าหลัก

Brief Record : Get Marc (ISO 2709) : E-mail record : QR code < ปิดหน้าต่าง
LEADER : 00000nam 2200000uu 4500
001    13399122271
003     ULIB
008    130123s2555||||th 000 0 tha d
020    ^a9789743652165
060  4 ^aWS100^bก721 ล.2
110 1  ^aคณะแพทยศาสตร์ มหาวิทยาลัยศรีนครินทรวิโรฒ
245 00 ^aกุมารเวชศาสตร์ 2 /^cบรรณาธิการโดย สมบูรณ์ จันทร์สกุลพร, อรุชา ตรีศิริโชติ, ชนาธิป ลือวิเศษไพบูลย์, โอฬาร พรหมาลิขิต, เกศรา อัศดามงคล และไพโรจน์ จงบัญญัติเจริญ
260    ^aกรุงเทพฯ:^bนพชัยการพิมพ์,^c2555
300    ^a579- 1100หน้า:^bภาพประกอบ,^c26 ซม
650  7 ^aกุมารเวชศาสตร์
650  7 ^aโรคติดเชื้อในเด็ก
650  7 ^aโรคมะเร็งในเด็ก
650  7 ^aโรคประสาทในเด็ก
650  7 ^aโรคระบบทางเดินหายใจในเด็ก
700 0  ^aอรุชา ตรีศิริโชติ,^eบรรณาธิการ
700 0  ^aชนาธิป ลือวิเศษไพบูลย์,^eบรรณาธิการ
700 0  ^aชนาธิป ลือวิเศษไพบูลย์,^eบรรณาธิการ
700 0  ^aโอฬาร พรหมาลิขิต,^eบรรณาธิการ
700 0  ^aเกศรา อัศดามงคล,^eบรรณาธิการ
700 0  ^aไพโรจน์ จงบัญญัติเจริญ,^eบรรณาธิการ
945    ^p400^l0^i19783
945    ^p400^l0^i19940
995    ^aทศพร
999    ^aทศพร เกษรทอง
รายการนี้ยังไม่มีแท็ก
คุณยังไม่ได้ล็อกอิน คุณสามารถมีกิจกรรมร่วมกับเว็บไซต์ได้ แต่ต้องล็อกอินก่อน ::
  ล็อกอิน

รายการสื่อสารสนเทศ

ลำดับที่ ประเภท เลขเรียก/บาร์โค้ด สถานที่ สถานะ
1. วิทยาศาสตร์การแพทย์ และสุขภาพ
วิทยาศาสตร์การแพทย์ และสุขภาพ
WS100 ก721 ล.2 ฉ.1 
  Barcode: 19783
ห้องสมุดวิทยาเขตนครสวรรค์
►ส่วนจัดเก็บหนังสือเก่า นว.
บนชั้น
  ขอยืม
2. วิทยาศาสตร์การแพทย์ และสุขภาพ
วิทยาศาสตร์การแพทย์ และสุขภาพ
WS100 ก721 ล.2 ฉ.2 
  Barcode: 19940
ห้องสมุดวิทยาเขตนครสวรรค์
►ส่วนจัดเก็บหนังสือเก่า นว.
บนชั้น
  ขอยืม

รายการใกล้เคียง
    หัวเรื่อง [กุมารเวชศาสตร์]
    หัวเรื่อง [โรคติดเชื้อในเด็ก]
    หัวเรื่อง [โรคมะเร็งในเด็ก]
    หัวเรื่อง [โรคประสาทในเด็ก]
    หัวเรื่อง [โรคระบบทางเดินหายใจในเด็ก]

BibComment


ยังไม่เคยถูกคอมเมนท์

คอมเมนท์ทรัพยากรรายการนี้
  คอมเมนท์: กุมารเวชศาสตร์ 2..


 Copyright 2026. Bcnsprnw @Library